000 00317nam a22001217a 4500
999 _c5063
_d5063
008 250516b ||||| |||| 00| 0 eng d
020 _a9781482450750
082 _a613.6 SPI
100 _aSPILSBURY,LOUISE
_eAUTHOR
245 _aSURVIVING THE RIVER
260 _aNEW YORK
_bGARETH STEVENS PUBLISHING
_c2017
942 _2ddc